Historia del urbanismo en Barcelona : del Plan Cerdà al Àrea Metropolitana / V. Martorell Portas, A. Florensa Ferrer, V. Martorell Otzet del Plan Cerdà al Àrea Metropolitana / V. Martorell Portas, A. Florensa Ferrer, V. Martorell Otzet
Descripción Física:
153 p. : il., amb maps., [3] maps. pleg. ; 30 cm
Materias:
Urbanisme -- Barcelona -- Història
MARC
| LEADER | 00000nam a2200000Ia 4500 | ||
|---|---|---|---|
| 001 | 1773 | ||
| 008 | 160829s1970 xx 000 0 cat d | ||
| 080 | |a B-1-37 | ||
| 100 | |a Martorell Portas, Vicente |9 26086 | ||
| 245 | |a Historia del urbanismo en Barcelona : |b del Plan Cerdà al Àrea Metropolitana / V. Martorell Portas, A. Florensa Ferrer, V. Martorell Otzet | ||
| 260 | |a Barcelona : |b Labor, |c 1970 | ||
| 300 | |a 153 p. : |b il., amb maps., [3] maps. pleg. ; |c 30 cm | ||
| 650 | |a Urbanisme |x Barcelona |x Història |9 26087 | ||
| 700 | |a Florensa i Ferrer, Adolf |9 29469 | ||
| 700 | |a Martorell Otzet, Vicente |9 26089 | ||
| 901 | |a Arxiu | ||
| 942 | |n 1 | ||
| 952 | |0 0 |1 0 |4 0 |6 B137 |7 1 |9 43877 |a Arxiu |b Arxiu |d 2016-12-01 |l 0 |o B-1-37 |p 1773 |r 2016-12-01 00:00:00 |w 2016-12-01 |y ARXIU | ||
| 999 | |c 46457 |d 46457 | ||